000 00889nam a2200229 i 4500
001 161371
003 ES-MaACL
005 20250303062545.0
008 950614q1894 sp |||| | spa d
080 _a821.134.2-31"18"
100 1 _aPardo Bazán, Emilia,
_cCondesa de,
_d1851-1921
_9176434
245 1 0 _aDoña Milagros /
_cEmilia Pardo Bazán.
260 _aMadrid :
_bAdministración calle de S. Bernardo, 37,
_c[ca. 1894] (
_fAgustín Avrial, Imp.)
300 _a301 p. ;
_c19 cm.
490 1 _aObras completas de Emilia Pardo Bazán ;
_v11
530 _aDisponible en formato digital.
830 0 _aObras completas de Emilia Pardo Bazán ;
_v11
_9176456
852 _aES-MaACL
_jB-4090
_z- Enc. hol., conservando cub. original
856 _uhttps://academia.gal/biblioteca-virtual-monografias#paxinas.do?id=307
_zReal Academia Galega
942 _2udc
999 _c161371
_d161371